|
|
|
|
| LEADER |
01343cam a2200313Ia 4500 |
| 001 |
9780203486535 |
| 003 |
FlBoTFG |
| 005 |
20091230162920.0 |
| 006 |
a|||||s||||||||||| |
| 007 |
cr|||| |
| 008 |
040630s2005 nyuab sb 001 0 eng d |
| 020 |
|
|
|a 9780203486535 (e-book : PDF)
|
| 040 |
|
|
|a FlBoTFG
|c FlBoTFG
|d GrThAP
|
| 043 |
|
|
|a f-ua---
|
| 090 |
|
|
|a DT61
|b .M665 2005
|
| 092 |
|
|
|a 932
|b M862
|
| 100 |
1 |
|
|a Morkot, Robert.
|
| 245 |
1 |
4 |
|a The Egyptians
|h [electronic resource] :
|b an introduction /
|c Robert Morkot.
|
| 260 |
|
|
|a New York :
|b Routledge,
|c 2005.
|
| 300 |
|
|
|a 245 p. :
|b ill., maps.
|
| 504 |
|
|
|a Includes bibliographical references and index.
|
| 505 |
0 |
|
|a Defining ancient Egypt -- The Egyptian world -- Esoteric knowledge and oriental mystery -- Constructing the Egyptian past -- Origins and first flowering -- Imperial Egypt -- Continuity with metamorphosis -- Rulers and ruled -- Town and country in ancient Egypt -- Culture of ancient Egypt.
|
| 530 |
|
|
|a Also available in print edition.
|b CRC Press (http://www.crcpress.com)
|
| 538 |
|
|
|a Mode of access: World Wide Web.
|
| 651 |
|
0 |
|a Egypt
|x Civilization
|y To 332 B.C.
|
| 651 |
|
0 |
|a Egypt
|x Civilization
|y 332 B.C.-638 A.D.
|
| 655 |
|
7 |
|a Electronic books.
|2 lcsh
|
| 776 |
1 |
|
|z 9780415271042
|
| 856 |
4 |
0 |
|u http://www.tandfebooks.com/isbn/9780203486535
|z Full Text via HEAL-Link
|